000 00635nam a2200217 a 4500
003 BD-DhJNU
005 20250616053712.0
008 161214s9999 xx 000 0 und d
020 _a9788120334458
040 _aBD-DhJNU
_bENG
_cBD-DhJNU
_dBD-DhJNU
082 _a519.5 PAS
_223
100 _aPal, Nabendu
245 0 _aStatistics :
_bconcepts and applications /
_cNabendu Pal and Sahadeb Sarkar
250 _a2nd ed.
260 _aNew Delhi:
_bPrentice Hall of India,
_c2008.
300 _axxvi, 445 p. ;
_bill. :
_c24 cm.
650 _aStatistics
650 _aMathematical statistics
700 _aSarkar, Sahadeb
942 _cBK
999 _c1770
_d1770